Autobiografía científica

Guardat en:
Dades bibliogràfiques
Autor principal: Rossi, Aldo (Autor)
Format: Llibre
Idioma:espanyol
Publicat: Barcelona Gustavo Gili 1984
Col·lecció:Colección Arquitectura ConTextos
Matèries:
Etiquetes: Afegir etiqueta
Sense etiquetes, Sigues el primer a etiquetar aquest registre!

MARC

LEADER 00000nam a2200000 a 4500
001 UCT1739
003 CL-VaPUC
008 961004e19840000SP |||||||||||||||||spa|d
082 0 4 |a 720.945  |b ROS  |2 21 
100 0 |a Rossi, Aldo  |e author  |9 266853 
245 1 0 |a Autobiografía científica 
300 |a 127 p 
942 |c BK 
945 |d 19961004 00:00:00  |a rleighto 
260 |a Barcelona  |b Gustavo Gili  |c 1984 
650 0 |a Arquitectura moderna  |9 265021 
650 0 |a Diseño arquitectónico   |9 265271 
650 7 |a CONSTRUCCIONES  |2 CL-VaPUC  |9 262690 
650 0 |a Edificios   |9 260501 
650 0 |a Monumentos  |9 265246 
650 0 |a Elementos estructurales  |9 350100 
583 |a last modification  |c 19961004 00:00:00  |k Rodrigo Vera 
490 0 |a Colección Arquitectura ConTextos 
999 |c 252190  |d 252188 
952 |0 0  |1 0  |4 0  |6 720_945000000000000_ROS_1984  |7 0  |8 P  |9 271920  |a BIBARQ  |b BIBARQ  |d 2019-11-19  |i 3235319  |o 720.945 ROS 1984  |p 3235319  |r 2025-01-20  |w 2019-11-19  |y BK  |k ARQ